000 01722nam a22004337a 4500
001 15429474
003 OSt
005 20210426114350.0
008 080826s2009 nyuaf b 001 0deng
010 _a 2008037433
020 _a9781596915572 (alk. paper)
020 _a1596915579 (alk. paper)
040 _aDLC
_cDLC
_dDLC
043 _an-us---
050 0 0 _aE904
_b.B35 2009
080 _a32
_bB-17
082 0 0 _a973.931092
_aB
_222
100 1 _aBaker, Russ,
_d1958-
245 1 0 _aFamily of secrets :
_bthe Bush dynasty, the powerful forces that put it in the White House, and what their influence means for America /
_cRuss Baker.
250 _a1st U.S. ed.
260 _aNew York :
_bBloomsbury Press,
_c2009.
300 _aviii, 577 p., [16] p. of plates :
_bill. ;
_c24 cm.
365 _a30.00 USD
504 _aIncludes bibliographical references (p. [499]-558) and index.
600 3 0 _aBush family.
600 1 0 _aBush, George W.
_q(George Walker),
_d1946-
600 1 0 _aBush, George W.
_q(George Walker),
_d1946-
_xFriends and associates.
600 1 0 _aBush, George,
_d1924-2018.
600 1 0 _aBush, George,
_d1924-2018
_xFriends and associates.
650 0 _aPresidents
_zUnited States
_vBiography.
650 0 _aBusiness and politics
_zUnited States.
651 0 _aUnited States
_xPolitics and government
_y1945-1989.
651 0 _aUnited States
_xPolitics and government
_y1989-
653 _aპოლიტიკა
856 4 1 _3Table of contents only
_uhttp://www.loc.gov/catdir/toc/ecip0826/2008037433.html
906 _a7
_bcbc
_corignew
_d1
_eecip
_f20
_gy-gencatlg
942 _2udc
_cBK
999 _c1206
_d1206